000 00727nam a2200229 i 4500
001 97293
003 ES-MaACL
005 20231228062656.0
007 t|
008 050708s1950 sp ||||1| spa d
080 _a929 Ramón y Cajal, Santiago
100 1 _aMarañón, Gregorio,
_d1887-1960
_976311
245 1 0 _aCajal :
_bsu tiempo y el nuestro /
_cGregorio Marañón y Posadillo.
250 _a2ª ed.
260 _aSantander :
_bAntonio Zúñiga,
_c1950.
300 _a115 p., 3 lám., 1 facsímil ;
_c23 cm.
490 1 _aEl viento sur ;
_v9
600 1 4 _aRamón y Cajal, Santiago,
_d1852-1934-
_xBiografías
_995228
830 1 _aEl viento sur ;
_v9
_9184412
852 4 _aES-MaACL
_jD-7634
999 _c97293
_d97293